Walter Prescott Webb in Stephens County /

Bibliographic Details
Main Author: Kingston, Mike
Format: Book
Language:English
Published: Austin, Tex. : Eakin Press, [1985]
Edition:1st ed.
Subjects:

MARC

Tag First Indicator Second Indicator Subfields
LEADER 00000pam a2200000 a 4500
001 in00000418924
005 20151012053743.0
008 850701s1985 txuabc b 00110beng
010 |a  85015931  
020 |a 0890155305 :  |c $9.95 
035 |a (OCoLC)12286065 
035 |9 ABU5441AM 
039 0 |a 2  |b 3  |c 3  |d 3  |e 3 
040 |a DLC  |c DLC  |d TXA  |d UtOrBLW 
043 |a n-us-tx 
049 |a TXAM  |c [A09429240] 
050 0 0 |a E175.5.W4  |b K56 1985 
082 0 |a 976.4/546061/0924  |a B  |2 19 
100 1 |a Kingston, Mike. 
245 1 0 |a Walter Prescott Webb in Stephens County /  |c by Mike Kingston. 
250 |a 1st ed. 
264 1 |a Austin, Tex. :  |b Eakin Press,  |c [1985] 
264 4 |c ©1985 
300 |a xii, 87 pages :  |b illustrations, map, portraits ;  |c 23 cm. 
336 |a text  |b txt  |2 rdacontent 
337 |a unmediated  |b n  |2 rdamedia 
338 |a volume  |b nc  |2 rdacarrier 
500 |a Includes index. 
504 |a Bibliography: pages 79-83. 
600 1 0 |a Webb, Walter Prescott,  |d 1888-1963  |x Childhood and youth. 
650 0 |a Historians  |z United States  |v Biography. 
651 0 |a Stephens County (Tex.)  |x Biography. 
999 |a MARS 
999 f f |s f19e53ab-c62c-3c61-bc40-b7334231ef30  |i aef5fd6b-56f8-360a-b9e2-a1537c50c9f5  |t 0 
952 f f |p ric  |a Texas A&M University  |b Rellis Campus  |c Joint Library Facility  |d Remote Storage  |t 0  |e E175.5.W4 K56 1985  |h Library of Congress classification  |i unmediated -- volume  |m A14809429240 
998 f f |a E175.5.W4 K56 1985  |t 0  |l Remote Storage